000 00922nam a2200265Ia 4500
001 16491
003 GE_BSU
008 181216s||||||||xx |||||||||||||| ||und||
020 _a978-9941-0-4234-8
040 _cGE_BSU
080 _a16
100 _aთომაშვილი, ნინო
245 _aლოგიკა და კრიტიკული აზროვნება
245 _bმოზარდთათვის
245 _cრედ. ნუგზარ ივანიძე
260 _aთბილისი
260 _bCarpe diem
260 _c2014.
300 _a176 გვ. ; 20 სმ..
300 _eსახელთა საძიებელი: გვ. 170-173. - ბიბლიოგრ.: გვ. 174.
541 _h7ლ.
653 _aლოგიკა
653 _aლოგიკა; კრიტიკული აზროვნება;
942 _cBK
999 _c49559
_d49559